=LDR 00000nam 2200000 4500 =001 INLIS000000000029279 =005 20130612131526 =008 ***********************************ind** =035 ##$$0010-061300000029279 =041 ##$$a ind =082 ##$$a 613.79 =090 ##$$a 613.79, KEL l =100 ##$$a Kelly, Tracey =245 ##$$a 50 Rahasia alami tidur yang berkualitas, Tracey Kelly; penerjemah, Widyananto Sutanto =260 ##$$a 2005 $b Jakarta =300 ##$$a 63 hlm., ilus., 23 cm =650 ##$$a Hidup Sehat =700 ##$$a Sutanto, Widyananto =850 ##$$a NBPNMAT